Les dieux égyptiens par animal - Statistiques

Statistiques générales
  • Ce quiz a été pris 76 fois
  • Le résultat moyen est 9 sur 23
Statistiques - réponses
Hint Réponse % Correct
Faucon Anty | Dédoun | Harcéris | Hemen | Horakhty | Horus | Houroun | Khonsou | Mekhenty-Irty | Montou | Nephtys | Our | Qebehsenouf | Râ | Rê | Sokar | Sopdou
92%
Chacal Anubis | Anupet | Khentamentiou | Oupiou | Sed | Douamoutef | Oupouaout | Khestiou
92%
Vache Bat | Chentayt | Ihet | Isis | Hathor | Hésat | Methyour | Methyer | Nebethetepet | Neith | Nout | Sekhathor | Shedit
77%
Chat Bastet
71%
Oiseau Dounaouy | Isis
64%
Singe Baba | Hedjour | Iouf | Qefedenout | Thot | Hapi
58%
Ibis Thot
56%
Serpent Amon | Apophis | Apep | Khensit | Mehen | Mertseger | Nehebkaou | Ouadjyt | Renénoutet | Somtous
55%
Lion Aker | Apédémak | Chesmou | Aperet-Isis | Dédoun | Khentetkhas | Mahes | Mandoulis | Matit | Mehyt | Menhyt | Mentit | Néfertoum | Pachet | Pakhet | Répit | Sekhmet | Tefnout
53%
Crocodile Khentykhety | Sobek
50%
Bélier Ageb | Amon | Andjéty | Banebdjedet | Harsaphes | Kherty | Khnoum
42%
Oie Amon | Geb
42%
Scarabée Api | Iousaas | Khépri
29%
Taureau Apis | Boukhis | Kemour | Kamoutef | Mnévis | Thaïsepef
17%
Scorpion Hededet | Serket | Tabithet
14%
Vautour Mout | Nekhbet
11%
Hippopotame opet | Ipet | Tawaret | Taouret
6%
Grenouille Aheqet | Heqet
5%
Gazelle Anoukis | Anquet
5%
Cobra Qerehet | Ouadjet
5%
Hérisson Abaset | Temet
3%
Chien Bedou | Khentamentiou
3%
Poisson Hatméhyt | Heddet
3%
Aucun quiz correspondant
Distribution des résultats
% des personnes avec chaque résultat
Percentile par nombre de réponses
Votre historique - résultats
Vous n’avez pas pris ce quiz